000 00596nam a2200205Ia 4500
003 OSt
005 20230427102207.0
008 210423s2010 xx 000 0 und d
020 _a9788130906515
040 _cAL
041 _aeng
082 _a820.9 BLOV
_223
100 _aBLOOM (Harold),Ed.
_993720
245 _aModern critical interpretations William Shakespeare''s macbeth.
260 _aNew Delhi
_bViva Books Pvt Ltd
_c2010
300 _avii,184
_bPB
365 _b125
_cINR
906 _acritical ; interpretations ; macbeth. ; Modern ; Shakespeare''s ; William
942 _2ddc
_cBK
999 _c161753
_d161753